Responses for show #731 - Monday, November 9, 1987

1987 Tournament of Champions quarterfinal game 1.

Contestants

[<< previous game]

Eric Berman, a journalist originally from Crown Point, Indiana

John Podhoretz, a writer from Washington, D.C.

Dave Traini, a teacher from Medford Lakes, New Jersey

[next game >>]

Jeopardy! Round responses

HOLIDAYS & OBSERVANCES
UTAH
SPORTS CUPS
NATURE
CLOTHING
EUROPE ON FILM
    $100 3
7

Dave
    $100 6
the seagull

Dave
    $100 12
tennis

Dave
    $100 23
blubber

Dave
    $100 15
the head

Dave
    $100 1
Berlin, Germany

Dave
    $200 19
Rosh Hashanah & Yom Kippur

John
    $200 8
the River Jordan

Eric
    $200 13
hockey

Dave
    $200 24
(Dave: What are flies?)


bats

DaveJohn
    $200 16
taxicabs

Dave
    $200 2
the Orient Express

John
    $300 20
October

Eric
    $300 9
Deseret

Dave
    $300 14
thoroughbred racing

John
    $300 30
(John: What is the adam's apple?)

the tongue

John
Triple Stumper
    $300 17
fatigues

Eric
    $300 4
The Diary of Anne Frank

John
    $400 21
(Eric: What is Election Day?)

Veterans Day & Thanksgiving

Eric
    $400 10
"This is the place"

Triple Stumper
    $400 27
golf

Eric
    $400 29
a bird

Triple Stumper
    $400 18
bikini

John
    $400 5


Britain

Eric
    $500 22
(John: What is July?)


September

John
Triple Stumper
    $500 11


Rainbow Bridge

Triple Stumper
    $500 26


Canadian football

Triple Stumper
    $500 28
baboons

Triple Stumper
    $500 25
livery

Triple Stumper
    $500 7
(Dave: What are "The Heroes of Telemark?")

The Vikings

Dave
Triple Stumper

Scores at the first commercial break (after clue 11):

Dave John Eric
$100 $500 $600

Scores at the end of the Jeopardy! Round:

Dave John Eric
$600 $800 $1,200

Double Jeopardy! Round responses

ANCIENT TIMES
ARTISTS
THE AUTO INDUSTRY
AMERICAN INDIANS
WORLD WAR I
TOUGH TV TRIVIA
    $200 1
(John: What are pyramids?)

obelisks

DaveJohn
    $200 9
Tammany Hall

Dave
    $200 30
diesel

Dave
    $200 21
Apache

Triple Stumper
    $200 22
Woodrow Wilson

Eric
    $400 5
Glen Campbell

Eric
    $400 2
Julius Caesar

Dave
    $400 10
(Dave: Who is Leonardo da Vinci?)

Picasso

DaveEric
    $400 29
(John: What is GM?)

Chrysler

John
Triple Stumper
    $400 23
Crazy Horse

Dave
    $400 20
Cunard

Eric
    $400 6
Goodson-Todman

Eric
    $600 3
Crete

Dave
    $1,000 12
Michelangelo and "David"

Dave
    $600 28
Tennessee

Eric
    $600 24
a travois

Triple Stumper
    $600 15
(John: What is Switzerland?)

Belgium

JohnEric
    $600 7
The Alan Brady Show (on Dick Van Dyke)

Dave
    $800 4
epicureanism

Eric
    $800 13
Gauguin

Dave
    $800 27
(John: What is Isuzu?)

Subaru

John
Triple Stumper
    $800 25
(John: Who was Geronimo?)

Chief Joseph (of the Nez Perce)

John
Triple Stumper
    $800 18
Britain, France, & Russia

John
    $800 11
a mink coat

Dave
    $1000 8
Demosthenes

Dave
    $1000 14
Eugene Delacroix

Triple Stumper
    $1000 17
Oldsmobile and REO Speedwagon

Dave
    $1000 26


Russell Means

John
    $1000 19
David Lloyd George (and Herbert Asquith)

Dave
    $1000 16
You'll Never Get Rich

John

Scores at the end of the Double Jeopardy! Round:

Dave John Eric
$8,400 $800 $5,000

Final Jeopardy! Round responses

FAMOUS WOMEN
JohnWho is Rosa Parks?
$799
EricWho is Rosa Parks?
$3,401
DaveWho is Parks?
$2
Rosa Parks

Final scores:

Dave John Eric
$8,402 $1,599 $8,401
Automatic semifinalist 3rd place: $1,000 if eliminated 2nd place: $1,000 if eliminated

Game dynamics:

Coryat scores:

Dave John Eric
$8,000 $800 $5,200
22 R
(including 1 DD),
3 W
9 R,
7 W
13 R
(including 1 DD),
1 W
(including 1 DD)

Combined Coryat: $14,000

The J! Archive is created by fans, for fans. The Jeopardy! game show and all elements thereof, including but not limited to copyright and trademark thereto, are the property of Jeopardy Productions, Inc. and are protected under law. This website is not affiliated with, sponsored by, or operated by Jeopardy Productions, Inc. Join the discussion at JBoard.tv.